[Event "POL-ch U14 Girls"]
[Site "Uniejow"]
[Date "2021.07.20"]
[Round "2"]
[White "Popczynska, Maja"]
[Black "Lewicka, Joanna"]
[Result "0-1"]
[WhiteElo "1400"]
[BlackElo "1252"]
[PlyCount "76"]
[EventDate "2021.07.18"]
[EventType "swiss"]
[EventRounds "9"]
[EventCountry "POL"]
[SourceTitle "EXT 2022"]
[Source "ChessBase"]
[SourceDate "2021.10.06"]
[SourceVersion "1"]
[SourceVersionDate "2021.10.06"]
[SourceQuality "1"]

1. e4 e5 2. Nf3 Nc6 3. Bb5 Nf6 4. d4 Nxd4 5. Nxd4 exd4 6. Qxd4 c6 7. Bd3 Qb6 8. Qe5+ Be7 9. 0-0 d6 10. Qg3 Nh5 11. Qf3 Qa5 12. Bd2 Qe5 13. Re1 0-0 14. Bc3 Qg5 15. e5 Bg4 16. Qe4 g6 17. Bd2 Qf5 18. Qd4 Qd7 19. exd6 Bxd6 20. Bc3 f6 21. Bc4+ Kh8 22. h3 Bf5 23. g4 b5 24. Bb3 b4 25. gxf5 bxc3 26. bxc3 gxf5 27. Nd2 Nf4 28. Re3 Qg7+ 29. Rg3 Ne2+ 30. Kf1 Nxg3+ 31. fxg3 Qxg3 32. Qf2 Qxh3+ 33. Qg2 Qxc3 34. Rd1 Qg3 35. Qxc6 Rae8 36. Nf3 Qh3+ 37. Kg1 Re2 38. Rd2 Qg2# 0-1